LEADER 01459nam a2200313 4500 001 000000364629 003 CaOOAMICUS 005 20251009115300.0 008 251008s2025 it 000 u ita r 020 $a979-12-5614-534-8 040 $aSeMil$bita 100 1 $aDe Biasio, Igor,$d<1977- >.$0(OLS)http://semarc/name/122892 245 13$aLa leadership della fiducia :$bfidarsi di sé, degli altri e della vita /$cIgor De Biasio ; in collaborazione con Coach Vale ; prefazione di Flavio Cattaneo. 264 1$aRoma :$bCastelvecchi,$c2025. 300 $a140 p. ;$c21 cm 490 1 $aNodi 650 4$aFiducia - Sociologia.$0(OLS)http://semarc/subject/23928 650 4$aLeadership.$0(OLS)http://semarc/subject/27963 700 1 $aCattaneo, Flavio.$0(OLS)http://semarc/name/122894 700 1 $aLocati, Valeria.$0(OLS)http://semarc/name/122893 830 0$aNodi.$0(OLS)http://semarc/title/22648 850 $aSeMil 852 $aSeMil$W1$xVenegono$y1$m2O IV 124$j263079$B255485$CSeMilBibl$Z2$F255485 $81 941 1 $a7 961 $aOmaggio mons. Mario Delpini. ? Con dedica autografa dell?autore (Igor De Biasio) a mons. Delpini 996 $6020$a979-12-5614-534-8$9(OLS)http://semarc/number/304289 996 $6245$aLa leadership della fiducia :$bfidarsi di sé, degli altri e della vita$9(OLS)http://semarc/title/456053 996 $6264$aRoma :$bCastelvecchi$9(OLS)http://semarc/publisher/36831 LEADER 01175nam a2200253 i 4500 001 000000037636 003 CaOOAMICUS 005 20090717000000.0 008 090717s1946 it u000 u ita u 013 $a7943 040 $aSeMil$bita 100 1 $aPapias : Hierapolitanus <2. sec.>.$0(OLS)http://semarc/name/17946 245 10$aFrammenti con le epigrafi di Abercio e Pectorio /$cPapia ; traduzione, introduzione, note del R. P. O. Tosti. 260 $aRoma :$bPia Società San Paolo,$cstampa 1946. 300 $a126 p. ;$c18 cm. 490 0 $aIl fiore dei Santi Padri, dottori e scrittori ecclesiastici ;$v36 650 4$aPatristica - Testi - Sec. 2.$0(OLS)http://semarc/subject/7485 700 1 $aTosti, O.$0(OLS)http://semarc/name/17931 830 3$aIl fiore dei Santi Padri, dottori e scrittori ecclesiastici ;$v36.$0(OLS)http://semarc/title/197 850 $aSeMil 852 $aSeMil$W1$xVenegono$y1$m2S I 206$j3791$B3791$CSeMilBibl$Z2$F3791 $81 961 $aOmaggio: Deposito 996 $6245$aFrammenti con le epigrafi di Abercio e Pectorio$9(OLS)http://semarc/title/52783 996 $6260$aRoma :$bPia Società San Paolo$9(OLS)http://semarc/publisher/31669